| 000 | 04395nam a2200613Ii 4500 | ||
|---|---|---|---|
| 001 | 913555535 | ||
| 003 | AUA.1 | ||
| 005 | 20251120180510.0 | ||
| 008 | 150709s2015 mdu 010 0 eng d | ||
| 020 | _a9780925675224 | ||
| 020 | _a0925675229 | ||
| 035 | _a(OCoLC)913555535 | ||
| 040 |
_aEXN _beng _erda _cEXN _dJTL |
||
| 050 |
_aBX6121.3 _b.G74 2015 |
||
| 245 | 0 | 4 |
_aThe great controversy and the end of evil : _bBiblical and theological studies in honor of Ángel Manuel Rodríguez in celebration of his seventieth birthday / _cGerhard Pfandl, editor. |
| 260 |
_aSilver Spring, Maryland : _bReview and Herald Publishing Association; _c2015. |
||
| 300 |
_axlvi, 312 pages ; _c24 cm. |
||
| 504 | _aIncludes bibliographical references and indexes. | ||
| 505 | 0 | 0 |
_tDoing right in their own eyes: the Great Controversy in the Book of Judges / _rDavid Tasker -- _tJob 1 and the Great Controversy / _rDaniel Bediako -- _tWho is Job's Satan? / _rLael Caesar -- _tJob's Gō'ēl: advocate, avenger, intercessor, redeemer / _rGordon E. Christo -- _tTheodicy in the Psalms: a view from the sanctuary / _rElias Brasil de Souza -- _tEzekiel 28:11-19 and the rise of the cosmic conflict / _rRichard M. Davidson -- _tReading Malachi with a Queen: the other side of Hadassah's story / _rEfraín Velázquez II -- The Alpha-Omega and the Great Controversy in Revelation / _rRichard Sabuin -- _tNeo-atheist and other recent attacks on the character of God: a case of theodicy / _rJiří Moskala -- _tThe Great Controversy: perspectives of Hastings and White / _rAlberto R. Timm -- _tImmanuel - God with us / _rGudmundur Olafsson -- _tThe sin offering and forgiveness / _rGerhard Pfandl -- _tSanctuary and proclamation / _rNiels-Erik Andreasen -- _t"She shall call his name Immanuel": a messianic exegesis of Isaiah 7:13, 14 / _rJacques Doukhan -- _tDoes John 1:1-3 teach Jesus is God? / _rGanoune Diop -- _tThe Word is God / _rGeorge E. Rice -- _tFacing evil and finding atonement: the crossroad of Jesus' passion in 1 Peter 2 / _rTom Shepherd -- _tExperiencing atonement as a microcosm of the cosmic conflict / _rClinton Wahlen -- _tThe revelation of his righteousness / _rEd Zinke -- _t"From the wilderness to the promised land": echoes of Numbers in the Book of Revelation / _rGerald A. Klingbeil -- _tResurrection in the Old Testament: hazy hope or certain promise? / _rGreg A. King -- _tEvolutionary thought, spiritualism, and the end of time / _rKwabena Donkor -- _tEschatological expectations in Ephesians / _rJohn McVay -- _tRevelation's perspective on persecution / _rEkkehardt Mueller -- "It's over: the end" the coming of Jesus in the Book of Revelation / _rIngo Sorke -- _t"Behold I come quickly". . . but we are still here / _rJo Ann Davidson -- _tEllen White on eschatology and the end of evil / _rCindy Tutsch. |
| 610 | 2 | 0 |
_aSeventh-day Adventists _xDoctrines. |
| 650 | 0 | _aTheodicy. | |
| 650 | 0 | _aSalvation. | |
| 650 | 0 | _aEschatology. | |
| 650 | 0 | _aSanctuary doctrine (Seventh-day Adventists) | |
| 700 | 1 |
_aRodríguez, Ángel Manuel _eHonoree. _950506 |
|
| 700 | 1 |
_aAndreasen, Niels-Erik A. _econtributor. _925955 |
|
| 700 | 1 |
_aBediako, Daniel Kwame _econtributor. |
|
| 700 | 1 |
_aCaesar, Lael O. _econtributor. |
|
| 700 | 1 |
_aChristo, Gordon E. _econtributor. |
|
| 700 | 1 |
_aDavidson, Richard M., _d1946-. _econtributor. |
|
| 700 | 1 |
_aDavidson, Jo Ann _econtributor. |
|
| 700 | 1 |
_aSouza, Elias Brasil de _econtributor. |
|
| 700 | 1 |
_aDonkor, Kwabena _econtributor. |
|
| 700 | 1 |
_aDoukhan, Jacques _econtributor. |
|
| 700 | 1 |
_aDiop, Ganoune _econtributor. _98403 |
|
| 700 | 1 |
_aKing, Greg A. _econtributor. |
|
| 700 | 1 |
_aKlingbeil, Gerald A. _econtributor. |
|
| 700 | 1 |
_aMcVay, John _econtributor. _916732 |
|
| 700 | 1 |
_aMoskala, Jiří _econtributor. |
|
| 700 | 1 |
_aMueller, Ekkehardt _econtributor. |
|
| 700 | 1 |
_aPfandl, Gerhard _eeditor _econtributor. |
|
| 700 | 1 |
_aOlafsson, Gudmundur _econtributor. |
|
| 700 | 1 |
_aRice, George E. _econtributor. |
|
| 700 | 1 |
_aSabuin, Richard A. _econtributor. |
|
| 700 | 1 |
_aShepherd, Thomas R. _econtributor. |
|
| 700 | 1 |
_aSorke, Ingo W. _econtributor. |
|
| 700 | 1 |
_aTasker, David _econtributor. |
|
| 700 | 1 |
_aTimm, Alberto R. _econtributor. _917364 |
|
| 700 | 1 |
_aTutsch, Cindy _econtributor. |
|
| 700 | 1 |
_aVelázquez, Efraín _econtributor. |
|
| 700 | 1 |
_aWahlen, Clinton _econtributor. |
|
| 700 | 1 |
_aZinke, Ed _econtributor. |
|
| 942 |
_2lcc _cBOOK _hBX 6121.3 _i.G74 2015 |
||
| 999 |
_c25268 _d25268 |
||